International economics : (Record no. 14363)
[ view plain ]
| 000 -LEADER | |
|---|---|
| fixed length control field | 00758nam a2200217 a 4500 |
| 003 - CONTROL NUMBER IDENTIFIER | |
| control field | PILC |
| 005 - DATE AND TIME OF LATEST TRANSACTION | |
| control field | 20150112093431.0 |
| 008 - FIXED-LENGTH DATA ELEMENTS--GENERAL INFORMATION | |
| fixed length control field | 100716s19uu xx 00 eng d |
| 020 ## - INTERNATIONAL STANDARD BOOK NUMBER | |
| International Standard Book Number | 0256171637 |
| 050 ## - LIBRARY OF CONGRESS CALL NUMBER | |
| Classification number | HF 1359 |
| Item number | .Ap77 1997 |
| 082 ## - DEWEY DECIMAL CLASSIFICATION NUMBER | |
| Classification number | EITSF 382.20 |
| Item number | Ap5 1998 |
| 100 ## - MAIN ENTRY--PERSONAL NAME | |
| Personal name | Appleyard, Dennis R. |
| 9 (RLIN) | 10424 |
| 245 ## - TITLE STATEMENT | |
| Title | International economics : |
| Remainder of title | Trade theory and policy / |
| Statement of responsibility, etc | Dennis R. Appleyard, Alfred J. Field, Jr, Dennis R. Appleyard |
| 250 ## - EDITION STATEMENT | |
| Edition statement | 3rd ed. |
| 260 ## - PUBLICATION, DISTRIBUTION, ETC. (IMPRINT) | |
| Place of publication, distribution, etc | New York : |
| Name of publisher, distributor, etc | McGraw-HIll Companies, Inc, |
| Date of publication, distribution, etc | 1998. |
| 300 ## - PHYSICAL DESCRIPTION | |
| Extent | 424 pages : |
| Other physical details | illustration ; |
| Dimensions | 26 cm. |
| 650 ## - SUBJECT ADDED ENTRY--TOPICAL TERM | |
| Topical term or geographic name as entry element | International economic relations |
| General subdivision | International Trade |
| 9 (RLIN) | 10425 |
| 650 ## - SUBJECT ADDED ENTRY--TOPICAL TERM | |
| Topical term or geographic name as entry element | International finance |
| 9 (RLIN) | 10426 |
| 700 ## - ADDED ENTRY--PERSONAL NAME | |
| Personal name | Field, Alfred J. |
| 9 (RLIN) | 10427 |
| 942 ## - ADDED ENTRY ELEMENTS (KOHA) | |
| Source of classification or shelving scheme | Library of Congress Classification |
| Koha item type | Books |
| Withdrawn status | Lost status | Source of classification or shelving scheme | Damaged status | Home library | Current library | Shelving location | Date acquired | Total Checkouts | Full call number | Barcode | Date last seen | Copy number | Price effective from | Koha item type |
|---|---|---|---|---|---|---|---|---|---|---|---|---|---|---|
| Library of Congress Classification | Southville International School Affiliated with Foreign Universities Library | Southville International School Affiliated with Foreign Universities Library | Southville Foreign University Section | 08/14/2013 | HF 1359 .Ap77 1997 | SFU0334 | 05/15/2018 | 1 | 08/14/2013 | Books |